00768nam a22002057a 450000500170000000800410001702000180005805000160007610000340009224501320012626000340025830000180029250000330031050501040034365000200044765000130046765000190048070000280049970000350052720231102152111.0190525t2018 mx ||||| |||| 00| 0 spa d a9786077474890 aHN17.5bB36 aBauman, Zygmuntd1925-eautor aGeneración liquidab : transformaciones en la era 3.0c / Zygmunt Bauman, Thomas Leoncini; Traducción de Irene Olivia Luque aMéxicob : Paidósc, 2018 a107 páginas aIncluye: sumario y epílogo aTransformaciones en la piel Transformaciones de la agresividad Transformaciones sexuales y amorosas 0aHISTORIA SOCIAL 0aLIBERTAD 0aINDIVIDUALISMO aLeoncini, Thomaseautor aLuque, Irene Olivaetraductora